00843nam a2200205 a 450000100100000000500170001000800410002702000150006804000250008310000390010824501110014726000720025830000300033049000210036050400730038150400330045483000280048795201050051599900170062000003985220201002033754.0130725s2005 sp a 000 0 spa d a8400084152 aDO-SdBNPbspacBNPHU1 aNeira Faleiro, Concepción96604713aLa notitia dignitatum :bnueva edición crítica y comentario histórico /cConcepción Neira Faleiro. aMadrid :bConsejo Superior de Investigaciones Científicas,c2005. a697 p. ; :bil. ;c24 cm.1 aNueva Roma ;v25 aIncluye referencias bibliográficas y notas al pie de las páginas aBibliografía : p. 688 -697 0aNueva Roma ;v25915353 001050718MOaGRbGRcCTd2013-07-25iLF1l0o p39852-10r2020-06-25w2020-06-25y1ZNo se presta c39342d39342